| 000 | 00626nam a2200193 a 4500 | ||
|---|---|---|---|
| 001 | 000044185 | ||
| 003 | 000044185 | ||
| 005 | 20171024092034.0 | ||
| 008 | 140605s2008 dr 000 0 spa d | ||
| 040 |
_aBPMET _bspa _cBPMET |
||
| 092 |
_axxxxxx _bxxxxxx |
||
| 100 | 1 | _aRosario Candelier, Bruno | |
| 245 | 1 | 3 |
_aEl ánfora del lenguaje : _btemas y estudios lexicográficos / _cBruno Rosario Candelier. |
| 260 |
_aSanto Domingo : _bAcademia Dominicana de la Lengua, _c2008. |
||
| 300 |
_a357 p. ; _c23 cm. |
||
| 942 |
_2ddc _cBK |
||
| 945 | _aTítulo remanejado para BNPHU / 2017 VM | ||
| 956 |
_aVMATEO _b10 _c20150518 _lBPMSU _h0069 |
||
| 999 |
_c7106 _d7106 |
||